| 000 | 00544cam a2200193ua 4500 | ||
|---|---|---|---|
| 001 | 814 | ||
| 005 | 20260515113228.0 | ||
| 008 | 110420n ii |||gr||||Z||||||eng | ||
| 020 | _a81-7100-558-6 | ||
| 040 | _cMAIN | ||
| 082 | _a320.5 | ||
| 245 | 1 |
_aGreat western political thinkers. _bJeremy Bentham. |
|
| 250 |
_a1st. / _bEdited by Subrata Mukherjee & Sushila Ramaswamy. |
||
| 260 |
_aNew Delhi.: _bDeep & Deep.,993. |
||
| 300 |
_a581 p.: _c25 cm. |
||
| 653 | _aPolitical science. | ||
| 653 | _aGreat western political thinkers. | ||
| 942 | _cBK | ||
| 999 |
_c739 _d739 |
||